| 000 | | | 04318nac2a22002773x 450 |
| 001 | | | 90e10e88-b249-495f-9996-c04789f42cc8 |
| 005 | | | 20211220091100.0 |
| 100 | ## | $a | 20211122l1862 k y0rusy50 ca |
| 101 | 0# | $a | rus |
| 102 | ## | $a | RU |
| 105 | ## | $a | y z ||||| |
| 122 | 0# | $a | d18621231 |
| 200 | 1# | $a | "Протест губернского и уездных предводителей дворянства против действий и направления Калужской администрации" и объяснения Арцимовича на этот протест |
| | $j | 1862 |
| 215 | ## | $a | 6 листов |
| 251 | ## | $c | Дело |
| 300 | ## | $a | Заголовок дела на папке: Протест губернского и уездных предводителей дворянства против действий и направления Калужской администрации и объяснения Арцимовича В. А. на этот протест |
| 300 | ## | $a | На папке дела: Даты нет |
| 300 | ## | $a | Рукописный текст |
| 330 | ## | $a | Входит в раздел описи: 1. Материалы о служебной деятельности. б/ Калуга - /материалы по реформе 1861 г./ |
| 461 | #0 | $1 | 001702d5e87-6901-4c63-8165-d848da7b6444 |
| | $1 | 2001 |
| | $a | Арцимович Виктор Антонович, сенатор, Тобольский (1854-1858 гг.) и Калужский (1858-1862 гг.) губернатор, вице-председатель государственного совета Царства Польского (С 1863 г.) |
| | $1 | 251 |
| | $c | Фонд |
| | $1 | 852 |
| | $j | 815 |
| 462 | #0 | $1 | 001559b76c2-49f1-4f4f-bd3c-238599c7510c |
| | $1 | 2001 |
| | $a | Дела постоянного хранения. 1821-1891 |
| | $v | Д. 278 |
| | $1 | 251 |
| | $c | Опись |
| | $1 | 852 |
| | $j | 1 |
| 517 | 1# | $a | Протест губернского и уездных предводителей дворянства против действий и направления Калужской администрации и объяснения Арцимовича В. А. на этот протест |
| 600 | #1 | $a | Арцимович |
| | $b | В. А. |
| | $g | Виктор Антонович |
| 801 | #0 | $a | RU |
| | $b | GA_RF |
| 801 | #1 | $a | RU |
| | $b | ГлавНИВЦ |
| | $c | 20211122 |
| | $2 | rusmarc |
| 801 | #2 | $a | RU |
| | $b | ПБ им. Б.Н. Ельцина |
| | $c | 20211220 |
| | $g | RCR |
| | $2 | rusmarc |
| 852 | ## | $a | ГА РФ |
| | $j | 278 |
| 937 | ## | $d | 171837500 |
| | $h | ГАРФ |
| 035 | ## | $a | RuPRLIB51061757 |
| 856 | ## | $u | http://readingroom.main.prlib.ru/item.aspx?id_node=n171837500&mode=full |